Quiz clic sur la famille Simpson (2) - Statistiques

Statistiques générales
  • Ce quiz a été pris 88 fois
  • Le résultat moyen est 12 sur 25
Statistiques - réponses
Hint Réponse % Correct
s'est déguisé en garçon pour suivre des cours de maths Lisa
80%
son premier mot a été "papa" Maggie
73%
s'est lancé dans un concours culinaire avec un barbecue Homer
71%
a été accompagné(e) par son père à une exposition sur l'Égypte Lisa
70%
croit avoir 10 ans suite à une séance d'hypnose Homer
69%
a été baby-sitté(e) par Moe Maggie
67%
est le créateur de Papa Furax Bart
59%
a appris a joué de la batterie Bart
57%
Gros Tony est son parrain Maggie
56%
son prénom a été choisi par Bart Maggie
54%
a mis le feu accidentellement au sapin de Noël Bart
53%
a été critique culinaire Homer
53%
a financé un projet d'auto-entrepreneur pour Nelson Lisa
53%
s'est présenté(e) pour être maire de Springfield sans gagner l'élection Homer
51%
s'est lié(e) d'amitié avec une personne sans-abri Lisa
47%
pirate des films et les diffuse illégalement au voisinage Homer
44%
a un sosie milliardaire Bart
40%
son pire ennemi s'appelle Gérald Maggie
37%
est devenu(e) temporairement aveugle en regardant une éclipse Marge
36%
s'est présenté(e) pour être maire de Springfield en gagnant l'élection Marge
34%
ne s'est pas fait(e) avoir par les Mouvementariens Marge
33%
est devenu(e) menuisier Marge
33%
a aidé Kent Brockman a retrouvé son poste après avoir dit un gros mot aux infos Lisa
26%
a été accompagné(e) par son père au musée d'Edison Bart
17%
s'est fait(e) mordre par Petit Papa Noël à cause d'un bonnet Marge
13%
Aucun quiz correspondant
Distribution des résultats
% des personnes avec chaque résultat
Percentile par nombre de réponses
Votre historique - résultats
Vous n’avez pas pris ce quiz